Giáo trình tổ chức lao động và cơ sở vật chất kỹ thuật cho bộ phận bếp (Dùng trong các trường THCN)

Nội dung giáo trình cung cấp cho người đọc một hệ thống kiến thức cần thiết nhất về tổ chức lao động khoa học, tổ chức quá trình cung ứng dự trữ, bảo quản nguyên liệu để sản xuất chế biến và những kỹ năng thực hành cơ bản trong v...

Disgrifiad llawn

Wedi'i Gadw mewn:
Manylion Llyfryddiaeth
Prif Awdur: Vũ, Thị Bích Phượng
Fformat: Llyfr
Iaith:Undetermined
Cyhoeddwyd: Hà Nội Nhà xuất bản Hà Nội 2007
Pynciau:
Tagiau: Ychwanegu Tag
Dim Tagiau, Byddwch y cyntaf i dagio'r cofnod hwn!
Thư viện lưu trữ: Trung tâm Học liệu Trường Đại học Cần Thơ
LEADER 01216nam a2200217Ia 4500
001 CTU_122176
008 210402s9999 xx 000 0 und d
020 |c 19000 
082 |a 658.2 
082 |b Ph561 
100 |a Vũ, Thị Bích Phượng 
245 0 |a Giáo trình tổ chức lao động và cơ sở vật chất kỹ thuật cho bộ phận bếp 
245 0 |b (Dùng trong các trường THCN) 
245 0 |c Vũ Thị Bích Phượng 
260 |a Hà Nội 
260 |b Nhà xuất bản Hà Nội 
260 |c 2007 
520 |a Nội dung giáo trình cung cấp cho người đọc một hệ thống kiến thức cần thiết nhất về tổ chức lao động khoa học, tổ chức quá trình cung ứng dự trữ, bảo quản nguyên liệu để sản xuất chế biến và những kỹ năng thực hành cơ bản trong việc sử dụng các trang thiết bị vật chất kỹ thuật của bộ phận bếp nhà hàng 
650 |a Industrial management 
904 |i Nguyên 
980 |a Trung tâm Học liệu Trường Đại học Cần Thơ